00444 2200169 4500001002100000005001500021035002000036245005100056100002100107250001700128300003200145260003900177082000800216084001400224020002200238650001400260INLIS00000000000021820240528053704 a0010-05240001401 aTangis bode di pasar malam /cRahmat Margajaya0 aRahmat Margajaya acetakan ke-1 aiv, 60 hlm :bilus ;c22 cm aJakarta :bAzka Mulia Media,c2007 a813 a813 RAH t a978-979-1211-19-2 4abuku anak